[Event "Szuperliga - GM Szabo Laszlo"]
[Site "Paks"]
[Date "2023.10.28"]
[Round "1.1"]
[White "Eljanov, Pavel"]
[Black "Papp, Gabor"]
[Result "1/2-1/2"]
[WhiteElo "2695"]
[BlackElo "2530"]
[PlyCount "81"]
[EventDate "2023.10.28"]
[EventType "team-tourn"]
[EventRounds "9"]
[EventCountry "HUN"]
[Source "chess.hu"]
[WhiteTeam "Tuxera ANSK"]
[BlackTeam "ASE Paks"]
[WhiteTeamCountry "HUN"]
[BlackTeamCountry "HUN"]

1. Nf3 Nf6 2. g3 d5 3. Bg2 e6 4. O-O Be7 5. c4 O-O 6. d3 b6 7. Nc3 Bb7 8. Bf4
Nbd7 9. Qc2 c5 10. e4 d4 11. Ne2 Nh5 12. Bd2 e5 13. g4 Nhf6 14. h3 Ne8 15. Nh2
Bd6 16. f4 exf4 17. Nxf4 Qb8 18. Rf2 Ne5 19. Nf1 Ng6 20. Nh5 Be5 21. b4 Qd6 22.
Rb1 Bc6 23. Be1 Nc7 24. Nd2 Nf4 25. Nf3 Nxh5 26. Nxe5 Qxe5 27. gxh5 f5 28. Rxf5
Rxf5 29. exf5 Bxg2 30. Qxg2 Qe3+ 31. Kh2 Re8 32. Bf2 Qxd3 33. f6 g6 34. hxg6
hxg6 35. Rg1 Re2 36. bxc5 bxc5 37. Qxg6+ Qxg6 38. Rxg6+ Kf7 39. Rg7+ Kxf6 40.
Rxc7 Rxf2+ 41. Kg3 1/2-1/2

[Event "Szuperliga - GM Szabo Laszlo"]
[Site "Paks"]
[Date "2023.10.28"]
[Round "1.2"]
[White "Berkes, Ferenc"]
[Black "Chigaev, Maksim"]
[Result "1/2-1/2"]
[WhiteElo "2617"]
[BlackElo "2626"]
[PlyCount "24"]
[EventDate "2023.10.28"]
[EventType "team-tourn"]
[EventRounds "9"]
[EventCountry "HUN"]
[Source "chess.hu"]
[WhiteTeam "ASE Paks"]
[BlackTeam "Tuxera ANSK"]
[WhiteTeamCountry "HUN"]
[BlackTeamCountry "HUN"]

1. d4 Nf6 2. Nf3 g6 3. g3 Bg7 4. Bg2 d5 5. O-O O-O 6. c3 a5 7. a4 Nbd7 8. Bf4
Nh5 9. Be3 Nhf6 10. Bf4 Nh5 11. Be3 Nhf6 12. Bf4 Nh5 1/2-1/2

[Event "Szuperliga - GM Szabo Laszlo"]
[Site "Paks"]
[Date "2023.10.28"]
[Round "1.3"]
[White "Balogh, Csaba"]
[Black "Acs, Peter"]
[Result "1/2-1/2"]
[WhiteElo "2558"]
[BlackElo "2567"]
[PlyCount "61"]
[EventDate "2023.10.28"]
[EventType "team-tourn"]
[EventRounds "9"]
[EventCountry "HUN"]
[Source "chess.hu"]
[WhiteTeam "Tuxera ANSK"]
[BlackTeam "ASE Paks"]
[WhiteTeamCountry "HUN"]
[BlackTeamCountry "HUN"]

1. e4 c5 2. Nf3 d6 3. Bb5+ Nd7 4. c3 Ngf6 5. Bd3 b6 6. O-O Bb7 7. Re1 Qc7 8.
Na3 a6 9. Bc2 b5 10. d4 e5 11. d5 g6 12. Nb1 Bg7 13. a4 O-O 14. b3 Nb6 15. a5
Nc8 16. c4 b4 17. Nbd2 Ne7 18. Nf1 Kh8 19. Ng3 h5 20. h3 Nh7 21. Ng5 Nxg5 22.
Bxg5 Rae8 23. Ra2 Bc8 24. Bb1 f6 25. Bc1 Ng8 26. Rf1 h4 27. Nh1 g5 28. f3 Rf7
29. Nf2 Ne7 30. Ng4 Ng6 31. Ne3 1/2-1/2

[Event "Szuperliga - GM Szabo Laszlo"]
[Site "Paks"]
[Date "2023.10.28"]
[Round "1.4"]
[White "Sedlak, Nikola"]
[Black "Kantor, Gergely"]
[Result "0-1"]
[WhiteElo "2453"]
[BlackElo "2527"]
[PlyCount "88"]
[EventDate "2023.10.28"]
[EventType "team-tourn"]
[EventRounds "9"]
[EventCountry "HUN"]
[Source "chess.hu"]
[WhiteTeam "ASE Paks"]
[BlackTeam "Tuxera ANSK"]
[WhiteTeamCountry "HUN"]
[BlackTeamCountry "HUN"]

1. e4 e5 2. Nf3 Nc6 3. g3 Nf6 4. d3 d5 5. exd5 Nxd5 6. Bg2 Bc5 7. O-O O-O 8. a3
a5 9. Nc3 Nxc3 10. bxc3 Bg4 11. Qe1 Re8 12. Qe4 Qd7 13. Ng5 Bf5 14. Bh3 g6 15.
Qh4 h5 16. Bg2 Kg7 17. Rb1 Nd8 18. Qc4 Bb6 19. Be3 Bxe3 20. fxe3 c6 21. e4 Bg4
22. Qc5 Qe7 23. Qxe7 Rxe7 24. Rb6 f6 25. Nh3 Ne6 26. Rfb1 Ra7 27. Nf2 Nc5 28.
d4 Na4 29. R6b3 b5 30. Nxg4 hxg4 31. d5 cxd5 32. exd5 Rec7 33. d6 Rd7 34. Rd1
Ra6 35. Rxb5 Raxd6 36. Rxd6 Rxd6 37. Rxa5 Nxc3 38. Rc5 Rd1+ 39. Kf2 Rd2+ 40.
Ke3 Rxc2 41. Rc7+ Kh6 42. Kd3 Rxg2 43. Rxc3 Rxh2 44. a4 Ra2 0-1

[Event "Szuperliga - GM Szabo Laszlo"]
[Site "Paks"]
[Date "2023.10.28"]
[Round "1.5"]
[White "Antal, Gergely"]
[Black "Popovic, Dusan"]
[Result "1-0"]
[WhiteElo "2563"]
[BlackElo "2498"]
[PlyCount "77"]
[EventDate "2023.10.28"]
[EventType "team-tourn"]
[EventRounds "9"]
[EventCountry "HUN"]
[Source "chess.hu"]
[WhiteTeam "Tuxera ANSK"]
[BlackTeam "ASE Paks"]
[WhiteTeamCountry "HUN"]
[BlackTeamCountry "HUN"]

1. e4 c5 2. Nf3 d6 3. Bb5+ Bd7 4. Bxd7+ Nxd7 5. O-O Ngf6 6. Qe2 e6 7. c3 Be7 8.
d4 O-O 9. Rd1 Rc8 10. e5 Ne8 11. dxc5 Nxc5 12. c4 Qb6 13. Nc3 dxe5 14. Nxe5 Nf6
15. Rb1 Rfd8 16. Be3 Rxd1+ 17. Rxd1 Qa5 18. Bd2 Qb6 19. b4 Na6 20. a3 Qd4 21.
Be1 Qf4 22. g3 Qf5 23. g4 Qf4 24. Bd2 Qd4 25. Be1 Qf4 26. Bd2 Qd4 27. Nb5 Qb2
28. Re1 Nc7 29. Nxf7 Kxf7 30. Nxc7 e5 31. Nd5 Nxd5 32. cxd5 Bd6 33. Qf3+ Kg8
34. Qf5 Rd8 35. Qe6+ Kh8 36. Bg5 Rf8 37. Be3 Rf6 38. Qc8+ Bf8 39. d6 1-0

[Event "Szuperliga - GM Szabo Laszlo"]
[Site "Paks"]
[Date "2023.10.28"]
[Round "1.6"]
[White "Kaczur, Florian"]
[Black "Markus, Robert"]
[Result "1/2-1/2"]
[WhiteElo "2504"]
[BlackElo "2578"]
[PlyCount "61"]
[EventDate "2023.10.28"]
[EventType "team-tourn"]
[EventRounds "9"]
[EventCountry "HUN"]
[Source "chess.hu"]
[WhiteTeam "ASE Paks"]
[BlackTeam "Tuxera ANSK"]
[WhiteTeamCountry "HUN"]
[BlackTeamCountry "HUN"]

1. e4 e6 2. d4 d5 3. exd5 exd5 4. Bd3 Nf6 5. Nf3 c5 6. O-O c4 7. Re1+ Be7 8.
Bf1 O-O 9. b3 cxb3 10. axb3 Nc6 11. Bb2 Re8 12. Nbd2 Bf5 13. c3 a5 14. Nh4 Bg4
15. Nhf3 Bf8 16. Rxe8 Qxe8 17. Qe2 Qxe2 18. Bxe2 Rc8 19. Bd3 Bd6 20. g3 b6 21.
Kg2 Ne7 22. Ne1 Bf5 23. Bb5 Ne4 24. Nxe4 Bxe4+ 25. f3 Bf5 26. Kf2 Be6 27. Rc1
f6 28. Nc2 Kf7 29. Ne3 Nf5 30. Bd3 Nxe3 31. Kxe3 1/2-1/2

[Event "Szuperliga - GM Szabo Laszlo"]
[Site "Paks"]
[Date "2023.10.28"]
[Round "1.7"]
[White "Medvegy, Zoltan"]
[Black "Krstulovic, Alex"]
[Result "1/2-1/2"]
[WhiteElo "2511"]
[BlackElo "2433"]
[PlyCount "84"]
[EventDate "2023.10.28"]
[EventType "team-tourn"]
[EventRounds "9"]
[EventCountry "HUN"]
[Source "chess.hu"]
[WhiteTeam "Tuxera ANSK"]
[BlackTeam "ASE Paks"]
[WhiteTeamCountry "HUN"]
[BlackTeamCountry "HUN"]

1. Nf3 d5 2. c4 d4 3. b4 g5 4. g3 h6 5. Bg2 Bg7 6. d3 e5 7. Nbd2 Ne7 8. Nb3 Bf5
9. h4 g4 10. Nfd2 Qc8 11. a4 Nd7 12. Ba3 O-O 13. b5 Re8 14. Ne4 b6 15. a5 Be6
16. O-O f5 17. Ned2 Rb8 18. e3 dxe3 19. fxe3 f4 20. Bxe7 Rxe7 21. Bc6 e4 22.
exf4 Bxa1 23. Qxa1 exd3 24. Qd4 Nf8 25. f5 Bxf5 26. Bd5+ Be6 27. Ne4 Nh7 28.
Nf6+ Nxf6 29. Qxf6 Bxd5 30. Qxe7 Qe6 31. Qxe6+ Bxe6 32. axb6 axb6 33. Nd2 Ra8
34. Re1 Ra2 35. Rd1 Rc2 36. Kf1 Rxd2 37. Rxd2 Bxc4 38. Kf2 Bxb5 39. Ke3 Kf7 40.
Kd4 Ke6 41. Rb2 c6 42. Ke3 Kd5 1/2-1/2

[Event "Szuperliga - GM Szabo Laszlo"]
[Site "Paks"]
[Date "2023.10.28"]
[Round "1.8"]
[White "Lizak, Peter"]
[Black "Aczel, Gergely"]
[Result "0-1"]
[WhiteElo "2415"]
[BlackElo "2477"]
[PlyCount "86"]
[EventDate "2023.10.28"]
[EventType "team-tourn"]
[EventRounds "9"]
[EventCountry "HUN"]
[Source "chess.hu"]
[WhiteTeam "ASE Paks"]
[BlackTeam "Tuxera ANSK"]
[WhiteTeamCountry "HUN"]
[BlackTeamCountry "HUN"]

1. c4 e6 2. g3 d5 3. Bg2 d4 4. Nf3 Nc6 5. O-O Nh6 6. d3 Nf5 7. b3 Be7 8. Ba3
O-O 9. Bxe7 Qxe7 10. Qc1 e5 11. Nbd2 a5 12. a3 h5 13. Ne4 h4 14. Qg5 Qxg5 15.
Nfxg5 f6 16. Nf3 h3 17. Bh1 Nfe7 18. Nfd2 Bg4 19. f3 Bc8 20. f4 Nf5 21. Nc5 Ne3
22. Rf2 Re8 23. Be4 f5 24. Bxc6 bxc6 25. Nf3 Ng4 26. fxe5 Nxf2 27. Kxf2 g5 28.
Nxg5 Rxe5 29. Na4 f4 30. gxf4 Rf5 31. Nxh3 Rb8 32. Rb1 c5 33. Kg3 Bd7 34. Kf3
Kf8 35. Ng5 Bxa4 36. Nh7+ Ke7 37. Ke4 Rh5 38. Ng5 Rxb3 39. Rxb3 Bxb3 40. Kd5
Rxh2 41. Kxc5 Rxe2 42. Kxd4 Ra2 43. Kc3 Ba4 0-1

[Event "Szuperliga - GM Szabo Laszlo"]
[Site "Paks"]
[Date "2023.10.28"]
[Round "1.9"]
[White "Palczert, Matyas"]
[Black "Lazarne Vajda, Szidonia"]
[Result "1-0"]
[WhiteElo "2338"]
[BlackElo "2273"]
[PlyCount "141"]
[EventDate "2023.10.28"]
[EventType "team-tourn"]
[EventRounds "9"]
[EventCountry "HUN"]
[Source "chess.hu"]
[WhiteTeam "Tuxera ANSK"]
[BlackTeam "ASE Paks"]
[WhiteTeamCountry "HUN"]
[BlackTeamCountry "HUN"]

1. e4 d6 2. d4 Nf6 3. Nc3 e5 4. Nf3 Nbd7 5. Bc4 Be7 6. a4 O-O 7. O-O exd4 8.
Qxd4 Nc5 9. h3 Nfd7 10. Nd5 Nb6 11. a5 Nxc4 12. Qxc4 c6 13. Nxe7+ Qxe7 14. e5
d5 15. Qb4 Re8 16. Rd1 h6 17. Be3 Nd7 18. Qxe7 Rxe7 19. Bf4 Nf8 20. Bh2 Be6 21.
Nd4 c5 22. Nb5 a6 23. Nd6 f6 24. exf6 gxf6 25. f4 f5 26. g4 Rd8 27. gxf5 Rxd6
28. fxe6 Rdxe6 29. Rxd5 Re2 30. Rxc5 Ne6 31. Re5 Rxc2 32. Kh1 Kf7 33. Rae1 Re8
34. Rf5+ Kg6 35. Rd5 Nc7 36. f5+ Kh5 37. Rde5 Rxe5 38. Bxe5 Nd5 39. Rf1 Rc8 40.
f6 Kg6 41. f7 Rf8 42. Rd1 Ne3 43. Rd6+ Kxf7 44. Rxh6 Rd8 45. Bc3 Nd1 46. Rh7+
Kg6 47. Rxb7 Nxc3 48. bxc3 Rd3 49. Kg2 Rxc3 50. Rb6+ Kg7 51. Rxa6 Ra3 52. h4
Kh7 53. h5 Kg7 54. Kf2 Kh7 55. Ke2 Rh3 56. h6 Rh5 57. Kd3 Rb5 58. Kc4 Rf5 59.
Kb4 Rf4+ 60. Kc5 Rf5+ 61. Kd4 Rb5 62. Ra8 Kxh6 63. a6 Ra5 64. Kc4 Kg7 65. Kb4
Ra1 66. Kb5 Kf7 67. Kb6 Ke6 68. a7 Rb1+ 69. Kc5 Rc1+ 70. Kd4 Ra1 71. Re8+ 1-0

[Event "Szuperliga - GM Szabo Laszlo"]
[Site "Paks"]
[Date "2023.10.28"]
[Round "1.10"]
[White "Tancsa, Tamas"]
[Black "Gara, Anita"]
[Result "1/2-1/2"]
[WhiteElo "2257"]
[BlackElo "2347"]
[PlyCount "63"]
[EventDate "2023.10.28"]
[EventType "team-tourn"]
[EventRounds "9"]
[EventCountry "HUN"]
[Source "chess.hu"]
[WhiteTeam "ASE Paks"]
[BlackTeam "Tuxera ANSK"]
[WhiteTeamCountry "HUN"]
[BlackTeamCountry "HUN"]

1. e4 c5 2. Nf3 Nc6 3. d4 cxd4 4. Nxd4 e5 5. Nb5 d6 6. c4 g6 7. Be3 Be6 8. Be2
a6 9. N5c3 Bg7 10. Nd2 Nge7 11. Nd5 Nd4 12. Nb3 Nec6 13. h4 O-O 14. Qd2 Nxe2
15. Kxe2 b5 16. cxb5 Nd4+ 17. Nxd4 exd4 18. Bxd4 Bxd5 19. exd5 Re8+ 20. Kf1
Bxd4 21. Qxd4 axb5 22. h5 Ra4 23. Qd3 Qa5 24. hxg6 fxg6 25. g3 Rxa2 26. Rxa2
Qxa2 27. Qxb5 Qb1+ 28. Kg2 Qe4+ 29. Kg1 Rf8 30. Rh4 Qf3 31. Qf1 Qxd5 32. Qc4
1/2-1/2

[Event "Szuperliga - GM Szabo Laszlo"]
[Site "Dunaharaszti"]
[Date "2023.10.29"]
[Round "2.1"]
[White "Eljanov, Pavel"]
[Black "Stevic, Hrvoje"]
[Result "1-0"]
[WhiteElo "2695"]
[BlackElo "2549"]
[PlyCount "73"]
[EventDate "2023.10.28"]
[EventType "team-tourn"]
[EventRounds "9"]
[EventCountry "HUN"]
[Source "chess.hu"]
[WhiteTeam "Tuxera ANSK"]
[BlackTeam "Dunaharaszti MTK"]
[WhiteTeamCountry "HUN"]
[BlackTeamCountry "HUN"]

1. e4 e5 2. Nf3 Nc6 3. Bc4 Nf6 4. d3 Bc5 5. c3 d6 6. O-O a5 7. Re1 O-O 8. h3
Ba7 9. Na3 h6 10. Nb5 Bb6 11. Be3 Bxe3 12. Rxe3 Nb8 13. a4 c6 14. Na3 Nbd7 15.
d4 Re8 16. Qb3 Re7 17. Rae1 Qc7 18. Qc2 Nb6 19. Bb3 Be6 20. Bxe6 Rxe6 21. dxe5
dxe5 22. c4 Qe7 23. c5 Nbd7 24. Rc1 Ne8 25. Rb3 Ra7 26. Rd3 Nc7 27. Rcd1 Nf8
28. Rd8 Rf6 29. R1d7 Qxd7 30. Rxd7 Nxd7 31. Qd2 Nf8 32. Qd8 Nce6 33. Qb8 Ra6
34. Nxe5 Nxc5 35. Nac4 Re6 36. f4 Re7 37. Qd6 1-0

[Event "Szuperliga - GM Szabo Laszlo"]
[Site "Dunaharaszti"]
[Date "2023.10.29"]
[Round "2.2"]
[White "Grigoriants, Sergey"]
[Black "Chigaev, Maksim"]
[Result "1/2-1/2"]
[WhiteElo "2562"]
[BlackElo "2626"]
[PlyCount "61"]
[EventDate "2023.10.28"]
[EventType "team-tourn"]
[EventRounds "9"]
[EventCountry "HUN"]
[Source "chess.hu"]
[WhiteTeam "Dunaharaszti MTK"]
[BlackTeam "Tuxera ANSK"]
[WhiteTeamCountry "HUN"]
[BlackTeamCountry "HUN"]

1. d4 Nf6 2. g3 g6 3. Bg2 d5 4. Nf3 Bg7 5. O-O O-O 6. c4 c5 7. cxd5 cxd4 8.
Nxd4 Nxd5 9. Nc3 Nxc3 10. bxc3 Nc6 11. Nxc6 bxc6 12. Qa4 Bxc3 13. Rb1 Bf5 14.
Rb7 Rb8 15. Qxa7 Ra8 16. Qc5 Bd4 17. Qxe7 Qxe7 18. Rxe7 Rfc8 19. a3 Bc5 20. Rb7
Bxa3 21. Bf4 Bf8 22. Rb6 Ra2 23. Rxc6 Rxe2 24. Rxc8 Bxc8 25. Bf3 Rc2 26. Rc1
Rxc1+ 27. Bxc1 h5 28. h4 Be6 29. Be3 Be7 30. Kg2 Bf6 31. Be4 1/2-1/2

[Event "Szuperliga - GM Szabo Laszlo"]
[Site "Dunaharaszti"]
[Date "2023.10.29"]
[Round "2.3"]
[White "Balogh, Csaba"]
[Black "Jovanovic, Zoran"]
[Result "1/2-1/2"]
[WhiteElo "2558"]
[BlackElo "2513"]
[PlyCount "61"]
[EventDate "2023.10.28"]
[EventType "team-tourn"]
[EventRounds "9"]
[EventCountry "HUN"]
[Source "chess.hu"]
[WhiteTeam "Tuxera ANSK"]
[BlackTeam "Dunaharaszti MTK"]
[WhiteTeamCountry "HUN"]
[BlackTeamCountry "HUN"]

1. e4 e5 2. Nf3 Nc6 3. Bb5 Nge7 4. O-O Ng6 5. c3 a6 6. Ba4 d5 7. d3 dxe4 8.
dxe4 Qxd1 9. Rxd1 f6 10. Be3 Be7 11. Nbd2 Be6 12. b4 Kf7 13. Bb3 Rhd8 14. Kf1
Nf8 15. Ke2 Rd7 16. Bxe6+ Nxe6 17. Nb3 Rxd1 18. Rxd1 Ke8 19. a4 b6 20. Rd5 Rb8
21. g3 b5 22. axb5 axb5 23. Ne1 Bd6 24. Rd1 Ra8 25. Ra1 Rxa1 26. Nxa1 g6 27. f3
Nb8 28. Nb3 Nd7 29. Nd3 f5 30. g4 f4 31. Bf2 1/2-1/2

[Event "Szuperliga - GM Szabo Laszlo"]
[Site "Dunaharaszti"]
[Date "2023.10.29"]
[Round "2.4"]
[White "Gonda, Laszlo"]
[Black "Kantor, Gergely"]
[Result "1/2-1/2"]
[WhiteElo "2494"]
[BlackElo "2527"]
[PlyCount "23"]
[EventDate "2023.10.28"]
[EventType "team-tourn"]
[EventRounds "9"]
[EventCountry "HUN"]
[Source "chess.hu"]
[WhiteTeam "Dunaharaszti MTK"]
[BlackTeam "Tuxera ANSK"]
[WhiteTeamCountry "HUN"]
[BlackTeamCountry "HUN"]

1. Nf3 d5 2. g3 g6 3. Bg2 Bg7 4. d4 Nf6 5. O-O O-O 6. c4 c6 7. cxd5 cxd5 8. Ne5
Nfd7 9. Nf3 Nf6 10. Ne5 Nfd7 11. Nf3 Nf6 12. Ne5 1/2-1/2

[Event "Szuperliga - GM Szabo Laszlo"]
[Site "Dunaharaszti"]
[Date "2023.10.29"]
[Round "2.5"]
[White "Antal, Gergely"]
[Black "Csiki, Endre"]
[Result "1-0"]
[WhiteElo "2563"]
[BlackElo "2387"]
[PlyCount "117"]
[EventDate "2023.10.28"]
[EventType "team-tourn"]
[EventRounds "9"]
[EventCountry "HUN"]
[Source "chess.hu"]
[WhiteTeam "Tuxera ANSK"]
[BlackTeam "Dunaharaszti MTK"]
[WhiteTeamCountry "HUN"]
[BlackTeamCountry "HUN"]

1. e4 c5 2. Nf3 d6 3. Bb5+ Nd7 4. a4 Ngf6 5. Nc3 a6 6. Be2 g6 7. a5 Bg7 8. d3
O-O 9. O-O b5 10. axb6 Nxb6 11. Be3 a5 12. Qc1 Re8 13. Bh6 e5 14. Bxg7 Kxg7 15.
Nd2 d5 16. exd5 Nfxd5 17. Nxd5 Nxd5 18. Bf3 Bb7 19. Re1 Qc7 20. Nc4 f6 21. Ra3
a4 22. Qd2 Nf4 23. Be4 Red8 24. Qe3 Rd4 25. Qf3 Bxe4 26. Rxe4 Rdd8 27. Ne3 Qa5
28. h4 Qb5 29. Ra2 a3 30. Rxa3 Qxb2 31. Rea4 Rxa4 32. Rxa4 Qb6 33. g3 Ne6 34.
Nd5 Nd4 35. Ra7+ Qxa7 36. Qxf6+ Kh6 37. Qxd8 Nf3+ 38. Kg2 Qf7 39. Ne3 Kg7 40.
Qd6 Qb7 41. Nd5 Qf7 42. Qxc5 Nd4 43. Nc3 Nxc2 44. Qxe5+ Qf6 45. Qxf6+ Kxf6 46.
Kf3 Kf5 47. Nd5 Nd4+ 48. Ke3 Ke5 49. Nf4 Nc2+ 50. Kf3 Kf5 51. Ne2 h5 52. d4 Nb4
53. Ke3 Nd5+ 54. Kd3 Nf6 55. f3 g5 56. hxg5 Kxg5 57. Nc3 Kf5 58. Kc4 h4 59.
gxh4 1-0

[Event "Szuperliga - GM Szabo Laszlo"]
[Site "Dunaharaszti"]
[Date "2023.10.29"]
[Round "2.6"]
[White "Flumbort, Andras Dr"]
[Black "Markus, Robert"]
[Result "1/2-1/2"]
[WhiteElo "2445"]
[BlackElo "2578"]
[PlyCount "52"]
[EventDate "2023.10.28"]
[EventType "team-tourn"]
[EventRounds "9"]
[EventCountry "HUN"]
[Source "chess.hu"]
[WhiteTeam "Dunaharaszti MTK"]
[BlackTeam "Tuxera ANSK"]
[WhiteTeamCountry "HUN"]
[BlackTeamCountry "HUN"]

1. d4 Nf6 2. c4 d6 3. Nf3 Nc6 4. Nc3 e5 5. dxe5 dxe5 6. Qxd8+ Kxd8 7. Bg5 Be6
8. Nd5 h6 9. Bxf6+ gxf6 10. O-O-O Kc8 11. e3 e4 12. Nd4 Nxd4 13. Rxd4 f5 14.
Nf4 c6 15. Be2 Bc5 16. Rd2 Kc7 17. Rhd1 Rad8 18. Rxd8 Rxd8 19. Rxd8 Kxd8 20.
Nxe6+ fxe6 21. Kd2 Ke7 22. h3 Bb4+ 23. Kd1 Bd6 24. Kd2 Bb4+ 25. Kd1 Bd6 26. Kd2
Bb4+ 1/2-1/2

[Event "Szuperliga - GM Szabo Laszlo"]
[Site "Dunaharaszti"]
[Date "2023.10.29"]
[Round "2.7"]
[White "Medvegy, Zoltan"]
[Black "Popovics, Adam"]
[Result "1-0"]
[WhiteElo "2511"]
[BlackElo "2373"]
[PlyCount "73"]
[EventDate "2023.10.28"]
[EventType "team-tourn"]
[EventRounds "9"]
[EventCountry "HUN"]
[Source "chess.hu"]
[WhiteTeam "Tuxera ANSK"]
[BlackTeam "Dunaharaszti MTK"]
[WhiteTeamCountry "HUN"]
[BlackTeamCountry "HUN"]

1. d4 Nf6 2. c4 c6 3. Nc3 d5 4. e3 g6 5. Nf3 Bg7 6. Be2 O-O 7. O-O Nbd7 8. cxd5
cxd5 9. Qb3 e6 10. Bd2 Ne4 11. Be1 Nd6 12. a4 a6 13. a5 b5 14. axb6 Qxb6 15.
Qxb6 Nxb6 16. Na4 Nxa4 17. Rxa4 Rb8 18. Ra2 Re8 19. Ne5 f6 20. Nc6 Rb6 21. Nb4
Nb5 22. Bc3 Re7 23. Bxb5 axb5 24. Ra8 Re8 25. Rc1 Bf8 26. Nd3 Rc6 27. Rca1 Rc4
28. Rb8 Bd7 29. Rb6 Rec8 30. h4 Ra4 31. Rxa4 bxa4 32. Bb4 Bxb4 33. Rxb4 e5 34.
dxe5 Bf5 35. Nf4 fxe5 36. Nxd5 Rc2 37. Nb6 1-0

[Event "Szuperliga - GM Szabo Laszlo"]
[Site "Dunaharaszti"]
[Date "2023.10.29"]
[Round "2.8"]
[White "Papp, Petra"]
[Black "Aczel, Gergely"]
[Result "0-1"]
[WhiteElo "2318"]
[BlackElo "2477"]
[PlyCount "96"]
[EventDate "2023.10.28"]
[EventType "team-tourn"]
[EventRounds "9"]
[EventCountry "HUN"]
[Source "chess.hu"]
[WhiteTeam "Dunaharaszti MTK"]
[BlackTeam "Tuxera ANSK"]
[WhiteTeamCountry "HUN"]
[BlackTeamCountry "HUN"]

1. e4 c6 2. d4 d5 3. Nd2 dxe4 4. Nxe4 Nf6 5. Nxf6+ exf6 6. c3 Bd6 7. Bd3 O-O 8.
Qc2 Re8+ 9. Ne2 h5 10. O-O h4 11. h3 Nd7 12. Bd2 Nf8 13. Rae1 g6 14. f4 f5 15.
Kh1 Be6 16. Ng1 Qb8 17. Bc1 Nd7 18. Qf2 Bxa2 19. Qxh4 Rxe1 20. Rxe1 Qd8 21. Qf2
Nf6 22. Nf3 Bd5 23. Ng5 b5 24. Qh4 Kg7 25. Bc2 Qh8 26. Qf2 Re8 27. Kg1 Nh5 28.
Rxe8 Qxe8 29. Bd1 Nf6 30. Bc2 a5 31. b3 Nh5 32. Bd1 f6 33. g4 fxg5 34. gxh5 Qe4
35. Kf1 Qd3+ 36. Ke1 Qxc3+ 37. Bd2 Qxh3 38. hxg6 b4 39. Bc2 Qh1+ 40. Ke2 Qh5+
41. Kf1 g4 42. Qe3 Qh1+ 43. Kf2 Qh2+ 44. Ke1 g3 45. Qe8 Qh1+ 46. Ke2 Bf3+ 47.
Ke3 Qg1+ 48. Kxf3 Qf2# 0-1

[Event "Szuperliga - GM Szabo Laszlo"]
[Site "Dunaharaszti"]
[Date "2023.10.29"]
[Round "2.9"]
[White "Palczert, Matyas"]
[Black "Borocz, Istvan"]
[Result "1-0"]
[WhiteElo "2338"]
[BlackElo "2313"]
[PlyCount "111"]
[EventDate "2023.10.28"]
[EventType "team-tourn"]
[EventRounds "9"]
[EventCountry "HUN"]
[Source "chess.hu"]
[WhiteTeam "Tuxera ANSK"]
[BlackTeam "Dunaharaszti MTK"]
[WhiteTeamCountry "HUN"]
[BlackTeamCountry "HUN"]

1. e4 e5 2. Nf3 Nc6 3. d4 exd4 4. Nxd4 Bc5 5. Nb3 Bb6 6. Nc3 d6 7. Qe2 Nge7 8.
Be3 O-O 9. O-O-O f5 10. f4 fxe4 11. g3 Nf5 12. Bxb6 axb6 13. Bg2 Be6 14. Bxe4
Qd7 15. g4 Nh6 16. f5 Bxb3 17. cxb3 Kh8 18. h3 Rae8 19. Rhf1 Re5 20. Qd2 Qd8
21. Qg2 Nf7 22. Kb1 b5 23. Bxc6 bxc6 24. Qxc6 Qa8 25. Qxa8 Rxa8 26. Rfe1 Rae8
27. Rxe5 Rxe5 28. a4 c6 29. axb5 cxb5 30. Rd4 h5 31. Ne4 Kh7 32. Nxd6 Ng5 33.
gxh5 Nxh3 34. Ka2 Ng5 35. Rb4 Rd5 36. Nxb5 Rxf5 37. Nd4 Rd5 38. Rb5 Rxb5 39.
Nxb5 Kh6 40. Nd6 Kxh5 41. b4 Ne6 42. b5 g5 43. b6 Nd8 44. Kb3 g4 45. Ne4 Kg6
46. Kc4 Kf5 47. Kd5 Kf4 48. Nf6 g3 49. Nh5+ Ke3 50. Nxg3 Kd3 51. Ne4 Kc2 52.
Nc5 Kxb2 53. Kd6 Kc3 54. Kc7 Kc4 55. Kxd8 Kxc5 56. b7 1-0

[Event "Szuperliga - GM Szabo Laszlo"]
[Site "Dunaharaszti"]
[Date "2023.10.29"]
[Round "2.10"]
[White "Herpai, Jozsef Matyas"]
[Black "Gara, Anita"]
[Result "1-0"]
[WhiteElo "2075"]
[BlackElo "2347"]
[PlyCount "71"]
[EventDate "2023.10.28"]
[EventType "team-tourn"]
[EventRounds "9"]
[EventCountry "HUN"]
[Source "chess.hu"]
[WhiteTeam "Dunaharaszti MTK"]
[BlackTeam "Tuxera ANSK"]
[WhiteTeamCountry "HUN"]
[BlackTeamCountry "HUN"]

1. e4 c5 2. Nf3 Nc6 3. Nc3 e6 4. d4 cxd4 5. Nxd4 a6 6. g3 Qc7 7. Bg2 d6 8. O-O
Bd7 9. a4 Be7 10. Nxc6 Bxc6 11. Be3 Nf6 12. Qe2 O-O 13. Rfd1 Rac8 14. Rd2 Rfe8
15. Bd4 Nd7 16. Qg4 Ne5 17. Qe2 Bd7 18. Nd1 b5 19. b3 bxa4 20. bxa4 Qa5 21. Ne3
Nc6 22. Bb2 Rb8 23. Nc4 Qc7 24. Rad1 d5 25. exd5 exd5 26. Bxd5 Rbd8 27. Qf3 Rf8
28. Be4 Nb4 29. Qc3 f6 30. Nd6 Qxc3 31. Bxc3 Nc6 32. Bd5+ Kh8 33. Nf7+ Rxf7 34.
Bxf7 Rf8 35. Rxd7 Rxf7 36. Rc7 1-0

[Event "Szuperliga - GM Szabo Laszlo"]
[Site "Tapolca"]
[Date "2023.10.29"]
[Round "2.1"]
[White "Papp, Gabor"]
[Black "Ostovic, Matija"]
[Result "1/2-1/2"]
[WhiteElo "2530"]
[BlackElo "2377"]
[PlyCount "75"]
[EventDate "2023.10.28"]
[EventType "team-tourn"]
[EventRounds "9"]
[EventCountry "HUN"]
[Source "chess.hu"]
[WhiteTeam "ASE Paks"]
[BlackTeam "Tapolca Varosi VSE"]
[WhiteTeamCountry "HUN"]
[BlackTeamCountry "HUN"]

1. e4 d6 2. d4 Nf6 3. Nc3 e5 4. Nf3 Nbd7 5. Bc4 Be7 6. O-O O-O 7. a4 c6 8. Re1
exd4 9. Nxd4 Ne5 10. Ba2 Re8 11. h3 Ng6 12. Qf3 Bd7 13. Nf5 Bf8 14. Bg5 Ne5 15.
Qf4 Bxf5 16. Qxf5 Ned7 17. Qf3 Qa5 18. Bd2 Nc5 19. Rad1 Qc7 20. Bg5 Be7 21. Bf4
Rad8 22. e5 dxe5 23. Bxe5 Rxd1 24. Qxd1 Qd8 25. Bg3 Qxd1 26. Rxd1 h6 27. a5 Rd8
28. Re1 Kf8 29. Bf4 Na6 30. Ne4 Bb4 31. c3 Nxe4 32. cxb4 Nxb4 33. Rxe4 Nxa2 34.
Be3 Rd5 35. Ra4 Nc1 36. Bxa7 Nd3 37. Bd4 Nc5 38. Bxc5+ 1/2-1/2

[Event "Szuperliga - GM Szabo Laszlo"]
[Site "Tapolca"]
[Date "2023.10.29"]
[Round "2.2"]
[White "Buzas, Bertalan"]
[Black "Berkes, Ferenc"]
[Result "1/2-1/2"]
[WhiteElo "2251"]
[BlackElo "2617"]
[PlyCount "128"]
[EventDate "2023.10.28"]
[EventType "team-tourn"]
[EventRounds "9"]
[EventCountry "HUN"]
[Source "chess.hu"]
[WhiteTeam "Tapolca Varosi VSE"]
[BlackTeam "ASE Paks"]
[WhiteTeamCountry "HUN"]
[BlackTeamCountry "HUN"]

1. d4 Nf6 2. c4 d6 3. Nf3 Nbd7 4. g3 e5 5. Bg2 Be7 6. O-O O-O 7. Nc3 c6 8. e4
Re8 9. d5 cxd5 10. cxd5 Nc5 11. Ne1 a5 12. Nd3 b6 13. Re1 Nfd7 14. Bf1 Rf8 15.
Rb1 Bg5 16. a3 Nxd3 17. Bxd3 Nc5 18. Bc2 Bxc1 19. Rxc1 Bd7 20. b4 axb4 21. axb4
Na6 22. Rb1 b5 23. Bd3 Qb6 24. Qe2 Nc7 25. Rb3 g6 26. Qe3 Qxe3 27. fxe3 Ra7 28.
Rc1 Rb8 29. Kf2 Kf8 30. Ke2 Ke7 31. Kd2 g5 32. Kc2 Rg8 33. Rbb1 Rg6 34. Kb3 Rh6
35. Rb2 Rf6 36. Rbc2 Kd8 37. Kb2 Rf3 38. Re1 Rf6 39. Kb3 Rh6 40. Rf1 Ke7 41.
Rfc1 Rf6 42. Re1 g4 43. Rf1 Rxf1 44. Bxf1 Ra1 45. Bd3 h5 46. Ra2 Re1 47. Re2
Rf1 48. Rc2 Rf6 49. Nd1 Kd8 50. Rf2 Rxf2 51. Nxf2 Ne8 52. Nd1 Kc7 53. Nc3 Kb6
54. Kc2 Nf6 55. Nb1 Nh7 56. Nd2 Ng5 57. Kd1 f6 58. Ke2 Be8 59. Nb1 Nh7 60. Nc3
Nf8 61. Kf2 Ng6 62. Kg2 Bd7 63. Be2 Ne7 64. Bd3 Be8 1/2-1/2